00381nam a2200157Ia 4500003000400000008004100004040001600045082001600061100001800077245003500095260003100130300001000161650001700171650001900188650001600207GCL140319s9999 xx 000 0 eng d aGCL / cGCL04a844.07bG N1 aGIRARD, LOUIS10aNAPOLEON III / cGIRARD, LOUIS a[S.N] : bFAYARD ، c1986 a550 P04aNAPOLEON III04aFRENCH HISTORY04aBIOGRAPHIES